00593nam a2200181 a 4500003000400000005001700004008004100021020001800062040002400080041000800104082001500112110003700127245014000164250001200304260005200316300001000368653003300378OSt20130617162144.0130617s1990 sz ||||| |||| 00| 0 spa d a92 4 320794 6 cBiblioteca Medicina aspa aOMS IT 794 aOrganizacion Mundial de la Salud00aElementos esenciales de la formacion de personal de salud bucodental: ¿cambio o deterioro?bInforme de un Comite de Expertos de la OMS a1° ed. aGinebrabOrganizacion Mundial de la Saludc1990 a52 p. aODONTOLOGIA-RECURSOS HUMANOS